Every 6th Man of the Year NBA - Statistics

General Stats
  • This quiz has been taken 29 times
    10 since last reset
  • The average score is 15 of 43
Answer Stats
Year Answer % Correct
2015-2016 Jamal Crawford
71%
2013-2014 Jamal Crawford
71%
2009-2010 Jamal Crawford
71%
2018-2019 Lou Williams
71%
2017-2018 Lou Williams
71%
2014-2015 Lou Williams
71%
2023-2024 Naz Reid
71%
2024-2025 Payton Pritchard
71%
1988-1989 Eddie Johnson
57%
2011-2012 James Harden
57%
1985-1986 Bill Walton
43%
1998-1999 Darrell Armstrong
43%
2012-2013 JR Smith
43%
1984-1985 Kevin McHale
43%
1983-1984 Kevin McHale
43%
2006-2007 Leandro Barbosa
43%
2022-2023 Malcolm Brogdon
43%
2007-2008 Manu Ginobili
43%
2019-2020 Montrezl Harrell
43%
1995-1996 Toni Kukoc
43%
2021-2022 Tyler Herro
43%
1994-1995 Anthony Mason
29%
2004-2005 Ben Gordon
29%
1982-1983 Bobby Jones
29%
2016-2017 Eric Gordon
29%
2008-2009 Jason Terry
29%
1996-1997 John Starks
29%
2020-2021 Jordan Clarkson
29%
2010-2011 Lamar Odom
29%
2005-2006 Mike Miller
29%
2003-2004 Antawn Jamison
14%
2002-2003 Bobby Jackson
14%
2001-2002 Corliss Williamson
14%
1997-1998 Danny Manning
14%
1993-1994 Dell Curry
14%
1999-2000 Rodney Rogers
14%
1987-1988 Roy Tarpley
14%
2000-2001 Aaron McKie
0%
1992-1993 Clifford Robinson
0%
1991-1992 Detlef Schrempf
0%
1990-1991 Detlef Schrempf
0%
1989-1990 Ricky Pierce
0%
1986-1987 Ricky Pierce
0%
No matching quizzes found
Score Distribution
Percent of People with Each Score
Percentile by Number Answered
Your Score History
You have not taken this quiz since the last reset